01091nam a2200169Ia 4500008004100000020001800041050001900059100002400078245014300102260002300245300001100268440006400279500018600343505026200529650005200791700007800843121028s9999 xx 000 0 und d a968-24-4353-9 aBF721 P65 1992 aPomerleau, Andrée aEl niño y su ambiente : un estudio funcional de la primera infancia / Andrée Pomerleau y Gérard Malcuit ; tr. Hélene Levesque Dion aMéxico : Trillas a394 p. aBiblioteca conceptos y tópicos en teoría de la conducta aIncluye índice onomástico e índice analítico Título original: L´enfant et son environnement. Une élude fonctionnelle de la première enfance Bibliografía: p. 319-359 aPrefacio Introducción Primera parte. El organismo humano 1. Competencias básicas 2. Control y exploración del ambiente 3. El proceso de adquisición 4. Diversidad y variaciones interindividuales Segunda parte. El ambiente 5. Intentos de definición  aNiño - crecimiento \ 2. Niño - Psicología aMalcuit, Gérard, coaut. \ II. Levesque Dion, Hélene, tr. \ III. t.Ì